KOHA-Header-6

The Judiciary Pakistan and it's role in Political Crises (Record no. 1263)

000 -LEADER
fixed length control field 00326nam a2200121Ia 4500
008 - FIXED-LENGTH DATA ELEMENTS--GENERAL INFORMATION
fixed length control field 190723s9999 xx 000 0 und d
020 ## - INTERNATIONAL STANDARD BOOK NUMBER
International Standard Book Number 699-407-290-5
100 ## - MAIN ENTRY--PERSONAL NAME
Personal name Syed Sami Ahmed
245 #4 - TITLE STATEMENT
Title The Judiciary Pakistan and it's role in Political Crises
260 ## - PUBLICATION, DISTRIBUTION, ETC. (IMPRINT)
Place of publication, distribution, etc Karachi
Name of publisher, distributor, etc Royal Book
Date of publication, distribution, etc 2003
300 ## - PHYSICAL DESCRIPTION
Extent 222
942 ## - ADDED ENTRY ELEMENTS (KOHA)
Koha item type Books
Holdings
Withdrawn status Lost status Damaged status Not for loan Collection code Permanent Location Current Location Shelving location Date acquired Full call number Barcode Date last seen Price effective from Koha item type
        Law MAJU MAJU Shelf No.A46 2019-07-23 332 7888 2019-07-23 2019-07-23 Law

Powered by Koha